Do pamäti i do srdca Nová expozícia Múzea SNP v Banskej Bystrici

Bibliographic Details
Main Author: Štrasserová, Katarína (Author)
Format: Article
Language:Slovak
Subjects:

MARC

LEADER 00000nab a2200000 a 4500
001 vtls000504687
003 SK-MaSNL
005 20260303192039.0
008 180409c1993 xo 0 slo
015 |a SNBRB19rr/mm-uuuuu 
035 |a CL0504825 
040 |a SNKBUCL  |b slo  |c SNKBUCL  |e AACR2 
041 0 |a slo 
044 |a xo  |c SK 
080 |a 943.76"1944":069.5  |2 1981 
080 |a 069.6.02:93  |2 1981 
080 |a 940.53  |2 1981 
100 1 |a Štrasserová, Katarína  |4 aut  |9 1222126 
245 1 0 |a Do pamäti i do srdca  |b Nová expozícia Múzea SNP v Banskej Bystrici  |c Katarína Štrasserová 
610 2 7 |a Múzeum SNP (Banská Bystrica, Slovensko)  |2 snkbucl  |9 33040 
650 0 7 |a Slovenské národné povstanie (1944)  |2 snkbucl  |9 177948 
655 7 |a články z novín a časopisov  |2 snkbucl  |9 267496 
773 0 |t Bojovník  |g Roč. 38, č. 18 (1993), s. 9 
850 |a Slovenská národná knižnica v Martine  |a MTA001 
852 |a SNK  |b KIS3GCP 
957 |a 5301 
958 |a RK 
958 |a SK 
992 |a RBX 
999 |c 2144165  |d 2146095